000 00332nam a22001457a 4500
008 210322b ||||| |||| 00| 0 eng d
020 _a9780789402042
041 _aeng
080 _a030
082 _a030
100 _a23
101 _aENC
245 _aThe Concise Encyclopedia of the Human Body
_cBurnie, D
942 _2udc
_cBK
999 _c56639
_d56639